Normal view
MARC view
- Cariño, David Runge
Entry Personal Name
001 - CONTROL NUMBER
- control field: 36583
003 - CONTROL NUMBER IDENTIFIER
- control field: OSt
005 - DATE AND TIME OF LATEST TRANSACTION
- control field: 20141118112452.0
008 - FIXED-LENGTH DATA ELEMENTS
- fixed length control field: 141118|| aca||aabn | a|a d
040 ## - CATALOGING SOURCE
- Original cataloging agency: OSt
100 10 - HEADING--PERSONAL NAME
- Personal name: Cariño, David Runge